Wood anatomy and idenfication of family anacardiaceae in Sabah

Bibliographic Details
Main Author: SERIZAWA
Format: Book
Published: Sandakan, Sabah : Forest Research Cntre , 1985
Subjects:

MARC

LEADER 00000cam a2200000 7i4500
001 0000000806
005 20001011.0
090 0 0 |a MR583.77   |b SER 1985 
100 1 0 |a SERIZAWA   |h Toshifumi 
245 1 0 |a Wood anatomy and idenfication of family anacardiaceae in Sabah   |c Toshifumi Serizawa 
260 0 0 |a Sandakan, Sabah :   |b Forest Research Cntre ,   |c 1985 
300 |a iii, 143 p. :   |b ill. ;   |c 30 cm. 
500 0 0 |a Bibliography: [p. 126-127] 
650 0 0 |a Anacardiaceae   |z Sabah 
999 |a 0000001803   |b Monograph   |c Reference   |e Default branch